000 00855nam2a2200229 4500
001 RU\NLR\b_ik\84111
005 20250616224616.0
010 _a5-7836-0485-2
_910000
035 _a(NLR Aleph) 002158210
090 _a2489526
_c2489526
100 _a20020516d2002 |||y0rusy50 ca
101 0 _aeng
102 _aRU
105 _ay |||||||||
200 1 _aThe fellowship of the ring, vol. 1
210 _d2002
_aБ. м.
215 _a278, [1] c.
461 0 _1001RU\NLR\b_ik\89536
_12001#$aThe Lord of the rings$fJ.R.R. Tolkien$g[Коммент. Е.В. Гвоздковой]$vB. 1$90
_1700#1$aTolkien$bJ. R.R.$4070$f1892-1973$gJohn Ronald Reuel
_92558722
_aTolkien, J. R.R. (1892-1973)
_cМ.
_d2002
_fJ.R.R. Tolkien
_nАйрис-Пресс
_tThe Lord of the rings
_vB. 1$90
801 0 _aRU
_bNLR
_c20020516
_gPSBO
942 _cBOOK
980 _aNB